000 00846nam0a2200253 4500
001 RU\NLR\BIBL_A\011653317
005 20250806210415.0
035 _a(NLR Aleph) 011653317
090 _a76193
_c76193
100 _a20180307d1941 e y0rusy50 ca
101 0 _achv
102 _aRU
105 _ay z 000 y
200 1 _aÇсынсем патěнче
_fМ. Горький
_gвырăсларан М. Ижедер куçарнă
210 _aШупашкар
_cЧăваш АССР Гос. изд-ви
_d1941
215 _a255,[1] с.
_d22
541 1 _aВ людях
_e[роман]
686 1 _aШ9(2)672=Чув.-4
700 1 _aГорький
_bМ.
_f1868-1936
_gМаксим
_3RU\NLR\AUTH\77104
852 _aNLR
_bОНЛ
942 _cBOOK
945 _aРоссийская национальная библиотека
980 _aBV